000 00563nam a22001697a 4500
005 20251108172418.0
008 250721s2004 xx 000 0 ara d
082 1 4 _a213/أشق
100 1 _aالأشقر، عمر سليمان عبد الله
245 1 0 _aالوضع في الحديث النبوي :
_bتعريفه - خطورته - أسبابه - طرق الكشف عنه /
264 1 _aعمان :
_bدار النفائس،
_c2004.
300 _a172ص
650 1 7 _aالأحاديث
650 1 7 _aعلم الحديث
942 _2ddc
_cBK
999 _c78670
_d78670